ბათუმის შოთა რუსთაველის სახელმწიფო უნივერსიტეტის ბიბლიოთეკა

ქართული ენის ორთოგრაფიული ლექსიკონი / (ბიბ.ჩანაწერი № 38429)

000 -ლიდერი
ფიქსირებული სიგრძის საკონტროლო ველი 01107nam a2200241Ia 4500
001 - საკონტროლო ნომერი
საკონტროლო ველი 4440
003 - საკონტროლო ნომრის იდენტიფიკატორი
საკონტროლო ველი GE_BSU
005 - ბოლო ოპერაციის თარიღი და დრო
საკონტროლო ველი 20190510204314.0
008 - ფიქსირებული სიგრძის მონაცემთა ელემენტები - ზოგადი ინფორმაცია
ფიქსირებული სიგრძის საკონტროლო ველი 181216s1998||||ge |||||||||||||| ||geo||
020 ## - წიგნის საერთაშორისო სტანდარტული ნომერი
International Standard Book Number 5505003060
040 ## - კატალოგიზაციის წყარო
Transcribing agency GE_BSU
041 ## - ენის კოდი
Language code of text/sound track or separate title geo
080 ## - უნივერსალური ათობითი კლასიფიკაციის ინდექსი
Universal Decimal Classification number 81"374(038)=353.1"35 თ–77
100 ## - მთავარი ჩანაწერი - პიროვნების სახელი
Personal name თოფურია, ვ
9 (RLIN) 1040
245 ## - ცნობა სათაურის შესახებ
Title ქართული ენის ორთოგრაფიული ლექსიკონი /
Statement of responsibility, etc ვ. თოფურია , ივ . გიგინეიშვილი , რედ : ივ. გიგინეიშვილი.
250 ## - გამოცემის ცნობა
Edition statement მეორე შევსებული გამოცემა
264 ## - წარმოების, გამოცემის, დისტრიბუციის და სხვა ცნობები
გამოცემის, წარმოების, დისტრიბუციის... ადგილი თბილისი .:
გამოცემის, წარმოების, დისტრიბუციის... სახელწოდება განათლება,
გამოცემის, წარმოების, დისტრიბუციის... თარიღი 1998.
300 ## - ფიზიკური აღწერა
Extent 633გვ . ;
Dimensions 24 სმ.
653 ## - INDEX TERM--UNCONTROLLED
Uncontrolled term ქართული ენის ორთოგრაფიული ლექსიკონი
700 ## - ADDED ENTRY--PERSONAL NAME
Personal name გიგინეიშვილი , ივ
9 (RLIN) 1041
700 ## - ADDED ENTRY--PERSONAL NAME
Personal name გიგინეიშვილი , ივ
Relator term რედაქტორი
9 (RLIN) 1042
942 ## - ADDED ENTRY ELEMENTS (KOHA)
Koha item type წიგნი
Source of classification or shelving scheme
ეგზემპლარები
ჩამოწერის სტატუსი დაკარგული ეგზემპლარის სტატუსი კლასიფიკაციის წყარო ან თაროზე გაწყობის სქემა დაზიანების სტატუსი არ გაიცემა მუდმივი მდებარეობა (დაცვის ადგილი) ამჟამინდელი ადგილსამყოფელი თაროზე განთავსების ადგილი შეძენის თარიღი ღირებულება, შესყიდვის ნორმალური ფასი სრული შენახვის შიფრი შტრიხკოდი ბოლო ოპერაციის თარიღი ეგზემპლარის მიმდევრობითი ნომერი (კეტერი?) ფასის ძალაში შესვლის თარიღი ეგზემპლარის სახეობა საჯარო შენიშვნა
          ტექნოლოგიური ფაკულტეტის ბიბლიოთეკა ტექნოლოგიური ფაკულტეტის ბიბლიოთეკა წიგნსაცავი 2018-12-17 16.00 81"374(038)=353.1"35 8370 2018-12-17 8370 2018-12-17 წიგნი 16 ლ.